000 01366nam a2200277Ia 4500
001 21724
005 20260401153515.0
008 260320s9999||||xx |||||||||||||| ||und||
020 _a9786123331573
041 _aESP
082 _a348.6
_bT22
100 _aTarazona Pinedo, Manolo Narciso,
_eAUT
245 0 _aPrincipales obligaciones del empleador :
_bun estudio detallado
250 _aPrimera edición
260 _aLima :
_bGaceta Jurírica,
_c2025
300 _a206 páginas :
_btablas, gráficos ;
_c25 cm.
650 _aCIS
653 _aDerecho del trabajo; Relación laboral; Beneficios sociales; Seguridad y salud en el trabajo
654 _aDER
700 _aMorillo Villavicencio, Analí Shihomara,
856 _uhttps://itmsp.museknowledge.com/UCSP?url=https://www.ebooks7-24.com:443/?il=43449&pg=1
_zVéase además: Cartilla laboral 2022: teoría y práctica. Medidas laborales, seguridad social y nómina electrónica . Versión digital
856 _uhttps://0u213uy59-y-https-ebooks7--24-com.itmsp.museknowledge.com/biblioteca.aspx
_zVéase además: Base de datos Ebook7-24
856 _uhttps://legal-legis-com-pe.ucsp.lookproxy.com/home/Corporativo
_zVéase además: Base de datos Multilegis
856 _uhttps://0u214uy5f-y-https-app-vlex-com.itmsp.museknowledge.com/
_zVéase además: Base de datos Vlex
942 _cLIB
_dJUS
_fMAT
_2ddc
999 _c21724
_d21724